000 00708 a2200301 4500
260 _aParis
100 _aBARLET, Roger
700 _aPIERRE, Jean-Louis
260 _bDunod
245 _aProblèmes résolus de chimie organique
300 _aviii, 346 p.
650 _aChimie organique-Problèmes et exerices
260 _c1978
300 _bfig. ; 24 cm
130 _lFr.
035 _a4340
035 _a7341
035 _a7342
035 _a7343
035 _a7344
440 _a(Dunod Université)
250 _a2e éd. - nouv. tir.
999 _c12656
_d12656